Benefits of KPIs for Industry Sector Evaluation: The Case Study From the Czech Republic
Kritické hodnotenie výkonnosti jednotlivých priemyselných odvetví na základe absolútnych monitorovaných ukazovateľov v porovnaní s ukazovateľmi výkonnosti a kľúčovými ukazovateľmi výkonnosti (KPI). Návrh systému KPI.
Saved in:
| Main Author: | |
|---|---|
| Other Authors: | |
| Format: | Book Chapter |
| Language: | English |
| Subjects: | |
| Tags: |
No Tags, Be the first to tag this record!
|
MARC
| LEADER | 00000naa a2200000 4500 | ||
|---|---|---|---|
| 001 | 0257952 | ||
| 005 | 20220719115428.8 | ||
| 041 | 0 | |a eng | |
| 044 | |a CZ | ||
| 245 | 1 | 0 | |a Benefits of KPIs for Industry Sector Evaluation: The Case Study From the Czech Republic |c Martina Hedvičáková, Martin Král |
| 520 | |a Kritické hodnotenie výkonnosti jednotlivých priemyselných odvetví na základe absolútnych monitorovaných ukazovateľov v porovnaní s ukazovateľmi výkonnosti a kľúčovými ukazovateľmi výkonnosti (KPI). Návrh systému KPI. | ||
| 610 | 2 | 0 | |a výkonnosť ekonomiky |
| 610 | 2 | 0 | |a meranie výkonnosti |
| 610 | 2 | 0 | |a ukazovatele výkonnosti |
| 610 | 2 | 0 | |a priemysel |
| 610 | 2 | 0 | |a Česko |
| 100 | 1 | |a Hedvičáková, Martina | |
| 700 | 1 | |a Král, Martin | |